[Event "2024 National Elementary (K-6) Championship"]
[Site "Columbus, Ohio, United States"]
[Date "2024.04.28"]
[Round "6.5"]
[White "Degeest, Rocco Jan"]
[Black "Wang, Freyr"]
[Result "1-0"]
[TimeControl "G/90; d10"]
[BlackFideId "30967767"]
[WhiteElo "1905"]
[BlackElo "1992"]

1. e4 {[%clk 01:30:00]} c5 {[%clk 01:28:37]} {[%emt 00:01:34]} 2. Nc3 {[%clk
01:30:00]} {[%emt 00:00:03]} e6 {[%clk 01:28:36]} {[%emt 00:00:12]} 3. d4
{[%clk 01:30:00]} {[%emt 00:00:03]} cxd4 {[%clk 01:28:29]} {[%emt 00:00:17]} 4.
Qxd4 {[%clk 01:30:00]} {[%emt 00:00:04]} Nc6 {[%clk 01:28:21]} {[%emt
00:00:18]} 5. Qd3 {[%clk 01:30:00]} {[%emt 00:00:04]} Qc7 {[%clk 01:27:03]}
{[%emt 00:01:28]} 6. Nf3 {[%clk 01:29:40]} {[%emt 00:00:31]} a6 {[%clk
01:25:58]} {[%emt 00:01:15]} 7. Be2 {[%clk 01:29:33]} {[%emt 00:00:16]} b5
{[%clk 01:25:20]} {[%emt 00:00:49]} 8. O-O {[%clk 01:28:54]} {[%emt 00:00:48]}
Bb7 {[%clk 01:24:07]} {[%emt 00:01:23]} 9. a3 {[%clk 01:28:23]} {[%emt
00:00:42]} Nf6 {[%clk 01:23:34]} {[%emt 00:00:42]} 10. Bg5 {[%clk 01:27:41]}
{[%emt 00:00:53]} Be7 {[%clk 01:22:31]} {[%emt 00:01:13]} 11. Rad1 {[%clk
01:27:19]} {[%emt 00:00:32]} Rc8 {[%clk 01:07:24]} {[%emt 00:15:16]} 12. e5
{[%clk 01:25:38]} {[%emt 00:01:52]} Ng4 {[%clk 01:01:56]} {[%emt 00:05:37]} 13.
Bxe7 {[%clk 01:24:55]} {[%emt 00:00:53]} Nxe7 {[%clk 01:01:43]} {[%emt
00:00:24]} 14. Ne4 {[%clk 01:23:05]} {[%emt 00:02:00]} Bxe4 {[%emt 00:02:55]}
15. Qxe4 {[%clk 01:23:05]} {[%emt 00:00:06]} f5 {[%clk 00:58:17]} {[%emt
00:00:52]} 16. Qd4 {[%clk 01:21:34]} {[%emt 00:01:40]} Nc6 {[%clk 00:56:53]}
{[%emt 00:01:35]} 17. Qd6 {[%clk 01:21:34]} {[%emt 00:00:03]} Qxd6 {[%clk
00:48:11]} {[%emt 00:08:52]} 18. Rxd6 {[%clk 01:21:34]} {[%emt 00:00:06]} Ke7
{[%clk 00:47:57]} {[%emt 00:00:23]} 19. Rfd1 {[%clk 01:21:33]} {[%emt
00:00:11]} Rc7 {[%clk 00:46:59]} {[%emt 00:01:08]} 20. h3 {[%clk 01:20:57]}
{[%emt 00:00:46]} Nh6 {[%clk 00:44:51]} {[%emt 00:02:19]} 21. Ng5 {[%clk
01:20:35]} {[%emt 00:00:32]} Rd8 {[%clk 00:43:04]} {[%emt 00:01:57]} 22. f4
{[%clk 01:20:20]} {[%emt 00:00:24]} Nf7 {[%clk 00:39:51]} {[%emt 00:03:23]} 23.
Nxf7 {[%clk 01:20:16]} {[%emt 00:00:15]} Kxf7 {[%clk 00:39:51]} {[%emt
00:00:02]} 24. c3 {[%clk 01:20:08]} {[%emt 00:00:18]} Ke7 {[%clk 00:37:43]}
{[%emt 00:02:18]} 25. Kf2 {[%clk 01:19:00]} {[%emt 00:01:18]} h6 {[%clk
00:35:43]} {[%emt 00:02:09]} 26. Bf3 {[%clk 01:17:43]} {[%emt 00:01:28]} g5
{[%clk 00:33:10]} {[%emt 00:02:44]} 27. Bxc6 {[%clk 01:15:53]} {[%emt
00:01:59]} Rxc6 {[%clk 00:33:10]} {[%emt 00:00:08]} 28. Ke3 {[%clk 01:14:03]}
{[%emt 00:01:58]} Rc4 {[%clk 00:29:30]} {[%emt 00:03:51]} 29. R1d4 {[%clk
01:12:38]} {[%emt 00:01:35]} Rxd4 {[%clk 00:28:29]} {[%emt 00:01:12]} 30. Rxd4
{[%clk 01:12:16]} {[%emt 00:00:32]} d5 {[%clk 00:27:23]} {[%emt 00:01:16]} 31.
a4 {[%clk 01:11:41]} {[%emt 00:00:46]} Kd7 {[%clk 00:26:17]} {[%emt 00:01:15]}
32. Rb4 {[%clk 01:08:54]} {[%emt 00:02:57]} Kc6 {[%clk 00:24:59]} {[%emt
00:01:27]} 33. g3 {[%clk 01:07:04]} {[%emt 00:01:59]} Rg8 {[%clk 00:24:13]}
{[%emt 00:00:57]} 34. a5 {[%clk 00:59:33]} {[%emt 00:07:42]} Kc5 {[%clk
00:21:42]} {[%emt 00:02:40]} 35. Rd4 {[%clk 00:59:25]} {[%emt 00:00:19]} Rb8
{[%clk 00:21:23]} {[%emt 00:00:28]} 36. b4+ {[%clk 00:59:25]} {[%emt 00:00:08]}
Kc6 {[%clk 00:21:23]} {[%emt 00:00:04]} 37. fxg5 {[%clk 00:57:58]} {[%emt
00:01:37]} hxg5 {[%clk 00:21:23]} {[%emt 00:00:06]} 38. h4 {[%clk 00:57:58]}
{[%emt 00:00:06]} Rg8 {[%clk 00:20:00]} {[%emt 00:01:32]} 39. Kf3 {[%clk
00:57:05]} {[%emt 00:01:03]} Kd7 {[%clk 00:17:13]} {[%emt 00:02:56]} 40. hxg5
{[%clk 00:57:05]} {[%emt 00:00:10]} Rc8 {[%clk 00:16:07]} {[%emt 00:01:17]} 41.
Rh4 {[%clk 00:50:51]} {[%emt 00:06:24]} Rxc3+ {[%clk 00:15:49]} {[%emt
00:00:28]} 42. Kg2 {[%clk 00:50:20]} {[%emt 00:00:41]} Ke7 {[%clk 00:14:56]}
{[%emt 00:01:02]} 43. g6 {[%clk 00:50:04]} {[%emt 00:00:27]} Kf8 {[%clk
00:14:23]} {[%emt 00:00:43]} 44. Rh7 {[%clk 00:49:53]} {[%emt 00:00:21]} d4
{[%clk 00:13:31]} {[%emt 00:01:02]} 45. Rd7 {[%clk 00:49:52]} {[%emt 00:00:11]}
d3 {[%clk 00:12:34]} {[%emt 00:01:08]} 46. Kh3 {[%clk 00:49:43]} {[%emt
00:00:18]} d2 {[%clk 00:11:39]} {[%emt 00:01:05]} 47. Kh4 {[%clk 00:49:04]}
{[%emt 00:00:49]} Re3 {[%clk 00:07:29]} {[%emt 00:04:20]} 48. Rxd2 {[%clk
00:47:50]} {[%emt 00:01:24]} Kg7 {[%clk 00:07:09]} {[%emt 00:00:30]} 49. Kh5
{[%clk 00:44:56]} {[%emt 00:03:04]} Rxg3 {[%clk 00:05:22]} {[%emt 00:01:57]} 50.
Rd7+ {[%clk 00:44:56]} {[%emt 00:00:08]} Kf8 {[%clk 00:05:14]} {[%emt
00:00:17]} 51. Rf7+ {[%clk 00:44:51]} {[%emt 00:00:15]} Kg8 {[%clk 00:04:37]}
{[%emt 00:00:49]} 52. Re7 {[%clk 00:44:22]} {[%emt 00:00:38]} f4 {[%clk
00:04:24]} {[%emt 00:00:24]} 53. Rxe6 {[%clk 00:44:02]} {[%emt 00:00:30]} f3
{[%clk 00:04:17]} {[%emt 00:00:17]} 54. Rf6 {[%clk 00:43:20]} {[%emt 00:00:52]}
Rg2 {[%clk 00:03:20]} {[%emt 00:01:06]} 55. Rxf3 {[%clk 00:43:20]} {[%emt
00:00:10]} Re2 {[%clk 00:03:20]} {[%emt 00:00:05]} 56. Rf5 {[%clk 00:43:13]}
{[%emt 00:00:17]} Re4 {[%emt 00:00:11]} 57. Kg5 {[%clk 00:42:58]} {[%emt
00:00:25]} Kg7 {[%clk 00:03:02]} {[%emt 00:00:27]} 58. Rf7+ {[%clk 00:42:22]}
{[%emt 00:00:45]} Kg8 {[%clk 00:03:02]} {[%emt 00:00:06]} 59. Kf6 {[%clk
00:42:04]} {[%emt 00:00:27]} Rf4+ {[%clk 00:03:02]} {[%emt 00:00:11]} 60. Ke7
{[%clk 00:41:53]} {[%emt 00:00:20]} Rxb4 {[%clk 00:02:55]} {[%emt 00:00:16]} 61.
e6 {[%clk 00:41:30]} {[%emt 00:00:34]} Rg4 {[%clk 00:01:50]} {[%emt 00:01:15]}
62. Rf3 {[%clk 00:40:23]} {[%emt 00:01:17]} Rxg6 {[%clk 00:01:48]} {[%emt
00:00:13]} 63. Kd7 {[%clk 00:40:23]} {[%emt 00:00:06]} Rg4 {[%clk 00:01:39]}
{[%emt 00:00:19]} 64. Rd3 {[%clk 00:40:23]} {[%emt 00:00:09]} Rg7+ {[%clk
00:00:28]} {[%emt 00:01:20]} 65. e7 {[%clk 00:40:23]} {[%emt 00:00:06]} Kh7
{[%clk 00:00:28]} 66. Kd8 {[%clk 00:40:18]} {[%emt 00:00:15]} 1-0

[Event "2024 National Elementary (K-6) Championship"]
[Site "Columbus, Ohio, United States"]
[Date "2024.04.28"]
[Round "6.6"]
[White "Khanbutaev, Artemii"]
[Black "Lu, Lucas"]
[Result "1-0"]
[TimeControl "G/90; d10"]
[WhiteFideId "55747175"]
[BlackFideId "39942120"]
[WhiteElo "1984"]
[BlackElo "1759"]

1. d4 {[%clk 01:30:00]} Nf6 {[%clk 01:30:00]} {[%emt 00:00:06]} 2. c4 {[%clk
01:30:00]} {[%emt 00:00:06]} e6 {[%clk 01:30:00]} {[%emt 00:00:03]} 3. g3
{[%clk 01:30:00]} {[%emt 00:00:05]} d5 {[%clk 01:30:00]} {[%emt 00:00:06]} 4.
Nf3 {[%clk 01:30:00]} {[%emt 00:00:05]} Be7 {[%clk 01:29:57]} {[%emt 00:00:14]}
5. Bg2 {[%clk 01:30:00]} {[%emt 00:00:10]} O-O {[%clk 01:29:57]} {[%emt
00:00:08]} 6. O-O {[%clk 01:30:00]} {[%emt 00:00:06]} b6 {[%clk 01:29:55]}
{[%emt 00:00:13]} 7. cxd5 {[%clk 01:30:00]} {[%emt 00:00:07]} exd5 {[%clk
01:29:55]} {[%emt 00:00:05]} 8. Nc3 {[%clk 01:29:49]} {[%emt 00:00:21]} Bb7
{[%clk 01:29:42]} {[%emt 00:00:23]} 9. Ne5 {[%clk 01:29:49]} {[%emt 00:00:07]}
Nbd7 {[%clk 01:29:36]} {[%emt 00:00:15]} 10. Qa4 {[%clk 01:29:49]} {[%emt
00:00:09]} Nb8 {[%clk 01:26:46]} {[%emt 00:03:01]} 11. Bf4 {[%clk 01:27:25]}
{[%emt 00:02:33]} c6 {[%clk 01:25:07]} {[%emt 00:01:50]} 12. Rfd1 {[%clk
01:17:56]} {[%emt 00:09:39]} Re8 {[%clk 01:20:30]} {[%emt 00:04:47]} 13. Rac1
{[%clk 01:15:36]} {[%emt 00:02:31]} b5 {[%clk 01:12:33]} {[%emt 00:08:06]} 14.
Qb3 {[%clk 01:13:00]} {[%emt 00:02:45]} a5 {[%clk 01:02:26]} {[%emt 00:10:17]}
15. a4 {[%clk 00:53:24]} {[%emt 00:19:47]} b4 {[%clk 00:59:48]} {[%emt
00:02:48]} 16. e4 {[%clk 00:51:15]} {[%emt 00:02:19]} Ra6 {[%clk 00:45:12]}
{[%emt 00:14:46]} 17. exd5 {[%clk 00:47:45]} {[%emt 00:03:40]} Nxd5 {[%clk
00:44:54]} {[%emt 00:00:27]} 18. Nxc6 {[%clk 00:47:02]} {[%emt 00:00:54]} Bxc6
{[%clk 00:44:05]} {[%emt 00:01:00]} 19. Nxd5 {[%clk 00:46:10]} {[%emt
00:01:01]} Bd6 {[%clk 00:42:36]} {[%emt 00:01:39]} 20. Bxd6 {[%clk 00:44:53]}
{[%emt 00:01:27]} Qxd6 {[%clk 00:42:25]} {[%emt 00:00:21]} 21. Ne3 {[%clk
00:42:39]} {[%emt 00:02:24]} Bxg2 {[%clk 00:38:39]} {[%emt 00:03:56]} 22. Kxg2
{[%clk 00:42:35]} {[%emt 00:00:14]} Nd7 {[%clk 00:38:19]} {[%emt 00:00:30]} 23.
Qd5 {[%clk 00:40:42]} {[%emt 00:02:02]} g6 {[%clk 00:34:26]} {[%emt 00:04:03]}
24. b3 {[%clk 00:39:49]} {[%emt 00:01:04]} Rd8 {[%clk 00:27:59]} {[%emt
00:06:37]} 25. Qxd6 {[%clk 00:38:40]} {[%emt 00:01:19]} Rxd6 {[%clk 00:27:59]}
{[%emt 00:00:06]} 26. d5 {[%clk 00:38:37]} {[%emt 00:00:13]} Kf8 {[%clk
00:27:36]} {[%emt 00:00:33]} 27. Rc6 {[%clk 00:33:01]} {[%emt 00:05:46]} Nf6
{[%clk 00:24:20]} {[%emt 00:03:26]} 28. Rc5 {[%clk 00:32:10]} {[%emt 00:01:01]}
Ra6 {[%clk 00:23:47]} {[%emt 00:00:42]} 29. Nc4 {[%clk 00:31:31]} {[%emt
00:00:49]} Rda8 {[%clk 00:21:14]} {[%emt 00:02:43]} 30. f3 {[%clk 00:27:32]}
{[%emt 00:04:09]} Nd7 {[%clk 00:20:19]} {[%emt 00:01:06]} 31. Rb5 {[%clk
00:27:13]} {[%emt 00:00:29]} Ke8 {[%clk 00:19:35]} {[%emt 00:00:54]} 32. d6
{[%clk 00:26:51]} {[%emt 00:00:31]} Nf6 {[%clk 00:19:30]} {[%emt 00:00:15]} 33.
Re1+ {[%clk 00:25:29]} {[%emt 00:01:32]} Kd8 {[%clk 00:19:17]} {[%emt
00:00:23]} 34. Ne5 {[%clk 00:22:58]} {[%emt 00:02:42]} R8a7 {[%clk 00:19:17]}
{[%emt 00:00:08]} 35. Rb8# {[%clk 00:22:58]} {[%emt 00:00:07]} 1-0

[Event "2024 National Elementary (K-6) Championship"]
[Site "Columbus, Ohio, United States"]
[Date "2024.04.28"]
[Round "6.7"]
[White "Muneepeerakul, Analaya"]
[Black "Yang, Andre"]
[Result "1-0"]
[TimeControl "G/90; d10"]
[WhiteFideId "39914518"]
[BlackFideId "39930521"]
[WhiteElo "1854"]
[BlackElo "1962"]

1. e4 {[%clk 01:30:00]} {[%emt 00:00:04]} c5 {[%clk 01:30:00]} {[%emt
00:00:05]} 2. c4 {[%clk 01:30:00]} {[%emt 00:00:04]} Nc6 {[%clk 01:30:00]}
{[%emt 00:00:06]} 3. Nc3 {[%clk 01:30:00]} {[%emt 00:00:06]} g6 {[%clk
01:29:57]} {[%emt 00:00:13]} 4. g3 {[%clk 01:30:00]} {[%emt 00:00:05]} Bg7
{[%clk 01:29:57]} {[%emt 00:00:04]} 5. Bg2 {[%clk 01:30:00]} {[%emt 00:00:05]}
e6 {[%clk 01:29:39]} {[%emt 00:00:28]} 6. d3 {[%clk 01:30:00]} {[%emt
00:00:10]} d6 {[%clk 01:29:28]} {[%emt 00:00:22]} 7. Nge2 {[%clk 01:30:00]}
{[%emt 00:00:10]} Nge7 {[%clk 01:29:28]} {[%emt 00:00:10]} 8. O-O {[%clk
01:30:00]} {[%emt 00:00:10]} O-O {[%clk 01:29:25]} {[%emt 00:00:13]} 9. Be3
{[%clk 01:29:53]} {[%emt 00:00:16]} Nd4 {[%clk 01:29:14]} {[%emt 00:00:21]} 10.
Qd2 {[%clk 01:29:15]} {[%emt 00:00:48]} Rb8 {[%clk 01:28:26]} {[%emt 00:00:59]}
11. Bh6 {[%clk 01:28:37]} {[%emt 00:00:48]} Nxe2+ {[%clk 01:27:41]} {[%emt
00:00:55]} 12. Nxe2 {[%clk 01:28:37]} {[%emt 00:00:08]} d5 {[%clk 01:25:08]}
{[%emt 00:02:43]} 13. Bxg7 {[%clk 01:26:44]} {[%emt 00:02:03]} Kxg7 {[%clk
01:25:08]} {[%emt 00:00:02]} 14. Qf4 {[%clk 01:24:48]} {[%emt 00:02:07]} Ra8
{[%clk 01:22:02]} {[%emt 00:03:17]} 15. Nc3 {[%clk 01:19:39]} {[%emt 00:05:18]}
dxc4 {[%clk 01:13:32]} {[%emt 00:08:41]} 16. dxc4 {[%clk 01:18:17]} {[%emt
00:01:31]} Qd4 {[%clk 01:08:00]} {[%emt 00:05:41]} 17. Nb5 {[%clk 01:12:51]}
{[%emt 00:05:37]} Qf6 {[%clk 01:00:00]} {[%emt 00:08:10]} 18. Qd6 {[%clk
01:06:53]} {[%emt 00:06:08]} e5 {[%clk 00:59:54]} {[%emt 00:00:16]} 19. Qxc5
{[%clk 01:04:07]} {[%emt 00:02:56]} Be6 {[%clk 00:55:02]} {[%emt 00:05:03]} 20.
Nc7 {[%clk 00:59:51]} {[%emt 00:04:25]} Rac8 {[%clk 00:53:40]} {[%emt
00:01:31]} 21. Nxe6+ {[%clk 00:58:54]} {[%emt 00:01:07]} fxe6 {[%clk 00:53:30]}
{[%emt 00:00:21]} 22. Qxa7 {[%clk 00:56:40]} {[%emt 00:02:23]} Rxc4 {[%clk
00:53:23]} {[%emt 00:00:17]} 23. Qxb7 {[%clk 00:55:34]} {[%emt 00:01:17]} Rc2
{[%clk 00:52:49]} {[%emt 00:00:43]} 24. Kh1 {[%clk 00:51:44]} {[%emt 00:04:00]}
Rf7 {[%clk 00:52:29]} {[%emt 00:00:30]} 25. Qb5 {[%clk 00:47:16]} {[%emt
00:04:39]} Nc6 {[%clk 00:51:55]} {[%emt 00:00:44]} 26. f3 {[%clk 00:39:55]}
{[%emt 00:07:31]} Nd4 {[%clk 00:51:31]} {[%emt 00:00:34]} 27. Qb6 {[%clk
00:34:57]} {[%emt 00:05:08]} Rfc7 {[%clk 00:50:06]} {[%emt 00:01:35]} 28. b4
{[%clk 00:29:44]} {[%emt 00:05:23]} Ne2 {[%clk 00:48:02]} {[%emt 00:02:14]} 29.
a4 {[%clk 00:26:21]} {[%emt 00:03:34]} Qg5 {[%clk 00:47:48]} {[%emt 00:00:23]}
30. Qf2 {[%clk 00:17:45]} {[%emt 00:08:46]} Qh6 {[%clk 00:45:19]} {[%emt
00:02:38]} 31. a5 {[%clk 00:13:16]} {[%emt 00:04:40]} Nf4 {[%clk 00:45:01]}
{[%emt 00:00:28]} 32. gxf4 {[%clk 00:12:46]} {[%emt 00:00:40]} Rxf2 {[%clk
00:45:01]} {[%emt 00:00:05]} 33. Rxf2 {[%clk 00:12:46]} {[%emt 00:00:07]} Qh4
{[%clk 00:43:42]} {[%emt 00:01:28]} 34. Rff1 {[%clk 00:09:22]} {[%emt
00:03:34]} Qd8 {[%clk 00:42:17]} {[%emt 00:01:35]} 35. b5 {[%clk 00:07:06]}
{[%emt 00:02:28]} Rb7 {[%clk 00:30:51]} {[%emt 00:11:38]} 36. Rfb1 {[%clk
00:06:18]} {[%emt 00:00:56]} Qa8 {[%clk 00:28:19]} {[%emt 00:02:41]} 37. b6
{[%clk 00:06:18]} {[%emt 00:00:10]} Qa6 {[%clk 00:27:28]} {[%emt 00:01:00]} 38.
Bf1 {[%clk 00:06:18]} {[%emt 00:00:07]} 1-0

[Event "2024 National Elementary (K-6) Championship"]
[Site "Columbus, Ohio, United States"]
[Date "2024.04.28"]
[Round "6.8"]
[White "Statz, Isaac Hart"]
[Black "Shen, Leo Xiaohang"]
[Result "0-1"]
[TimeControl "G/90; d10"]
[WhiteFideId "39913104"]
[BlackFideId "39920720"]
[WhiteElo "1808"]
[BlackElo "2064"]

1. e4 {[%clk 01:29:58]} {[%emt 00:00:11]} c6 {[%clk 01:30:00]} {[%emt
00:00:03]} 2. d4 {[%clk 01:29:58]} {[%emt 00:00:08]} d5 {[%clk 01:30:00]}
{[%emt 00:00:02]} 3. exd5 {[%clk 01:29:51]} {[%emt 00:00:17]} cxd5 {[%clk
01:30:00]} {[%emt 00:00:03]} 4. c4 {[%clk 01:29:47]} {[%emt 00:00:13]} Nf6
{[%clk 01:30:00]} {[%emt 00:00:05]} 5. Nc3 {[%clk 01:29:47]} {[%emt 00:00:08]}
Nc6 {[%clk 01:30:00]} {[%emt 00:00:07]} 6. Nf3 {[%clk 01:29:47]} {[%emt
00:00:10]} e6 {[%clk 01:30:00]} {[%emt 00:00:05]} 7. cxd5 {[%clk 01:29:29]}
{[%emt 00:00:27]} Nxd5 {[%clk 01:29:58]} {[%emt 00:00:12]} 8. Bd3 {[%clk
01:28:58]} {[%emt 00:00:41]} Be7 {[%clk 01:29:33]} {[%emt 00:00:35]} 9. O-O
{[%clk 01:28:44]} {[%emt 00:00:24]} O-O {[%clk 01:29:25]} {[%emt 00:00:19]} 10.
Be3 {[%clk 01:27:57]} {[%emt 00:00:57]} h6 {[%clk 01:27:59]} {[%emt 00:01:36]}
11. Rc1 {[%clk 01:27:37]} {[%emt 00:00:29]} Ncb4 {[%clk 01:26:31]} {[%emt
00:01:39]} 12. Nxd5 {[%clk 01:25:40]} {[%emt 00:02:07]} Nxd5 {[%clk 01:26:11]}
{[%emt 00:00:30]} 13. a3 {[%clk 01:24:03]} {[%emt 00:01:47]} b6 {[%clk
01:25:19]} {[%emt 00:01:01]} 14. Qc2 {[%clk 01:13:25]} {[%emt 00:10:48]} Bb7
{[%clk 01:23:44]} {[%emt 00:01:45]} 15. Rfd1 {[%clk 01:09:27]} {[%emt
00:04:09]} Bd6 {[%clk 01:21:40]} {[%emt 00:02:14]} 16. Ne5 {[%clk 01:07:05]}
{[%emt 00:02:32]} Nxe3 {[%clk 01:19:55]} {[%emt 00:01:55]} 17. fxe3 {[%clk
01:07:05]} {[%emt 00:00:09]} Bxe5 {[%clk 01:19:38]} {[%emt 00:00:27]} 18. dxe5
{[%clk 01:06:11]} {[%emt 00:01:04]} Qg5 {[%clk 01:19:29]} {[%emt 00:00:19]} 19.
e4 {[%clk 01:05:02]} {[%emt 00:01:19]} Rac8 {[%clk 01:18:24]} {[%emt 00:01:15]}
20. Qb1 {[%clk 01:04:40]} {[%emt 00:00:32]} Qxe5 {[%clk 01:17:15]} {[%emt
00:01:19]} 21. Rxc8 {[%clk 01:04:27]} {[%emt 00:00:23]} Rxc8 {[%clk 01:17:15]}
{[%emt 00:00:11]} 22. Kh1 {[%clk 01:03:15]} {[%emt 00:01:21]} Rd8 {[%clk
01:11:45]} {[%emt 00:05:40]} 23. h3 {[%clk 01:02:51]} {[%emt 00:00:34]} Rd4
{[%clk 01:08:26]} {[%emt 00:03:27]} 24. Re1 {[%clk 01:02:31]} {[%emt 00:00:31]}
Qg3 {[%clk 01:06:49]} {[%emt 00:01:45]} 25. Rd1 {[%clk 01:01:44]} {[%emt
00:01:01]} e5 {[%clk 01:02:26]} {[%emt 00:04:33]} 26. Bc2 {[%clk 01:01:01]}
{[%emt 00:00:52]} Qe3 {[%clk 00:59:52]} {[%emt 00:02:43]} 27. Rd3 {[%clk
01:00:32]} {[%emt 00:00:40]} Qxe4 {[%clk 00:58:30]} {[%emt 00:01:32]} 28. Qf1
{[%clk 00:58:54]} {[%emt 00:01:47]} Rxd3 {[%clk 00:57:49]} {[%emt 00:00:53]} 29.
Bxd3 {[%clk 00:58:49]} {[%emt 00:00:14]} Qe3 {[%clk 00:56:52]} {[%emt
00:01:05]} 30. Ba6 {[%clk 00:57:38]} {[%emt 00:01:22]} Qxh3+ {[%clk 00:56:00]}
{[%emt 00:01:03]} 31. Kg1 {[%clk 00:57:31]} {[%emt 00:00:17]} Qe3+ {[%clk
00:56:00]} {[%emt 00:00:02]} 32. Kh1 {[%clk 00:57:23]} {[%emt 00:00:18]} Bc6
{[%clk 00:55:12]} {[%emt 00:00:59]} 33. Bc4 {[%clk 00:57:12]} {[%emt 00:00:21]}
Qf4 {[%clk 00:54:36]} {[%emt 00:00:46]} 34. Qe2 {[%clk 00:56:37]} {[%emt
00:00:45]} Qf6 {[%clk 00:48:03]} {[%emt 00:06:41]} 35. Qg4 {[%clk 00:56:08]}
{[%emt 00:00:41]} Bb7 {[%clk 00:47:23]} {[%emt 00:00:49]} 36. Qd7 {[%clk
00:54:59]} {[%emt 00:01:19]} Qh4+ {[%clk 00:47:23]} {[%emt 00:00:07]} 37. Kg1
{[%clk 00:54:59]} {[%emt 00:00:06]} Qd4+ {[%clk 00:47:23]} {[%emt 00:00:02]} 38.
Qxd4 {[%clk 00:54:51]} {[%emt 00:00:18]} exd4 {[%clk 00:47:23]} {[%emt
00:00:02]} 39. g3 {[%clk 00:54:48]} {[%emt 00:00:13]} g5 {[%clk 00:47:23]}
{[%emt 00:00:03]} 40. Kf2 {[%clk 00:54:48]} {[%emt 00:00:04]} Kg7 {[%clk
00:47:23]} {[%emt 00:00:07]} 41. Ke2 {[%clk 00:54:48]} {[%emt 00:00:05]} Be4
{[%clk 00:47:23]} {[%emt 00:00:06]} 0-1